| 000 | 00652 a2200193 4500 | ||
|---|---|---|---|
| 003 | OSt | ||
| 005 | 20180116192341.0 | ||
| 008 | 120208t xxu||||| |||| 00| 0 eng d | ||
| 040 | _c0 | ||
| 082 | _a491.4393 | ||
| 100 | 1 | _aBashir. A. Qureshi. | |
| 245 | 1 | 0 |
_aKitabistans new millennium : _bStandard Dictionary / _cBashir. A. Qureshi. |
| 260 |
_aLahore : _bFerozsons Ltd, _c1988. |
||
| 300 |
_a831 p. ; _c23 cm. |
||
| 650 | 0 | _aUrdu language | |
| 856 | 4 | 0 |
_3Amazon.com _uhttp://www.amazon.com/exec/obidos/ASIN/9690005081/chopaconline-20 |
| 942 |
_aSADA _cREF _k491.4393 BAS 1988 _2ddc |
||
| 999 |
_c352648 _d352648 |
||